Online
Catalog
Normal view MARC view

Entry Nombre personal

Number of records used in: 9

001 - NÚMERO DE CONTROL

  • campo de control: 4580

003 - IDENTIFICADOR DEL NÚMERO DE CONTROL

  • campo de control: OSt

005 - FECHA Y HORA DE LA ÚLTIMA TRANSACCIÓN

  • campo de control: 20210615115147.0

008 - DATOS DE LONGITUD FIJA

  • campo de control de longitud fija: 200615|| aca||aabn | a|a d

040 ## - FUENTE DE LA CATALOGACIÓN

  • Centro catalogador/agencia de origen: OSt
  • Centro/agencia transcriptor: OSt

100 1# - ENCABEZAMIENTO-NOMBRE DE PERSONA

  • Nombre de persona: Pichardo Muñiz, Arlette,
  • Fechas asociadas al nombre: 1957-

370 ## - LUGAR ASOCIADO

  • Lugar de nacimiento: Santo Domingo, Republica Dominicana

375 ## - GÉNERO/SEXO

  • Género/Sexo: Femenino

377 ## - LENGUA/LENGUAJE ASOCIADO

  • Código del idioma: spa

400 ## - TRAZADO DE VÉASE--NOMBRE DE PERSONA

  • Nombre de persona: Muñiz, Arlette Pichardo,
  • Fechas asociadas al nombre: 1957-

670 ## - FUENTE DE DATOS ENCONTRADOS

  • Cita de la fuente: Pichardo Muñiz, Arlette, 1957-, Planificación y programación social :, 1986.

670 ## - FUENTE DE DATOS ENCONTRADOS

  • Cita de la fuente: Evaluación del impacto social, 1989

Powered by Koha